000 01567nam0a2200289 i 4500
001 RU\NLR\BIBL_A\011285425
005 20240921185204.0
010 _a9785934415632
_9500
021 _aRU
_b2016-88135
_95793
035 _a(NLR Aleph) 011285425
090 _a10891870
_c10891870
100 _a20161202d2016 k y0rusy50 ca
101 0 _arus
102 _aRU
105 _ay z 001yy
200 1 _aИспользование и охрана леса как объекта права собственности в Федеративной Республике Германия
_eмонография
_fА. Ю. Пуряева
_gОбразоват. учреждение профсоюзов высш. образования "Акад. труда и социал. отношений", Казан. фил.
210 _aМосква
_cАТиСО
_d2016
215 _a62 с.
_d20
320 _aБиблиогр.: с. 60-61 (22 назв.) и в подстроч. примеч.
606 1 _aЛесные ресурсы
_xИспользование
_xПравовое регулирование
_yФедеративная Республика Германии
_92307521
_3RU\NLR\AUTH\6601607152
606 1 _aЛеса
_xОхрана
_xПравовое регулирование
_yФедеративная Республика Германии
_92307525
_3RU\NLR\AUTH\6601607155
686 1 _aХ819(4Гер)124.3
700 1 _aПуряева
_bА.Ю.
_gАнна Юрьевна
942 _cBOOK
980 _aNBR